书目信息 |
| 题名: |
ANSYS 15.0几何建模与网格划分实战指南
|
|
| 作者: | 朱红钧 编著 | |
| 分册: | ||
| 出版信息: | 北京 人民邮电出版社 2014.09 |
|
| 页数: | 337页 | |
| 开本: | 26cm | |
| 丛书名: | ||
| 单 册: | ||
| 中图分类: | O241.82 | |
| 科图分类: | ||
| 主题词: | 有限元分析--you xian yuan fen xi--应用软件--指南 | |
| 电子资源: | ||
| ISBN: | 978-7-115-36387-9 | |
| 000 | 00945nam0 2200265 450 | |
| 001 | CAL 0120141372807 | |
| 005 | 20150803135042.73 | |
| 010 | @a978-7-115-36387-9@dCNY59.00 (含光盘) | |
| 010 | @a978-7-89397-164-8@b光盘 | |
| 100 | @a20140903d2014 em y0chiy50 ea | |
| 101 | 0 | @achi |
| 102 | @aCN@b110000 | |
| 105 | @aa a 000yy | |
| 106 | @ar | |
| 200 | 1 | @aANSYS 15.0几何建模与网格划分实战指南@AANSYS 15.0 ji he jian mo yu wang ge hua fen shi zhan zhi nan@f朱红钧编著 |
| 210 | @a北京@c人民邮电出版社@d2014.09 | |
| 215 | @a337页@c图@d26cm@e光盘1片 | |
| 320 | @a有书目 | |
| 330 | @a本书共11章, 主要介绍了ANSYS Workbench平台集成的用于几何建模的Design Modeler, 以及用于划分网格的Meshing的功能、操作流程与分析实例。 | |
| 586 | @a | |
| 606 | 0 | @a有限元分析@Ayou xian yuan fen xi@x应用软件@j指南 |
| 690 | @aO241.82@v5 | |
| 701 | 0 | @a朱红钧@Azhu hong jun@4编著 |
| 801 | 0 | @aCN@c20150820 |
| 905 | @a河南城建学院图书馆@dO241.82@eZ840@f3 | |
| ANSYS 15.0几何建模与网格划分实战指南/朱红钧编著.-北京:人民邮电出版社,2014.09 |
| 337页:图;26cm+光盘1片 |
| ISBN 978-7-115-36387-9:CNY59.00 (含光盘) |
| 本书共11章, 主要介绍了ANSYS Workbench平台集成的用于几何建模的Design Modeler, 以及用于划分网格的Meshing的功能、操作流程与分析实例。 |
| ● |
| 相关链接 |
|
|
|
正题名:ANSYS 15.0几何建模与网格划分实战指南
索取号:O241.82/Z840
 
预约/预借
| 序号 | 登录号 | 条形码 | 馆藏地/架位号 | 状态 | 备注 |
| 1 | 1161133 | 211611335 | 自科库401/401自科库 80排1列4层/ [索取号:O241.82/Z840] | 在馆 | |
| 2 | 1161134 | 211611344 | 自科库401/401自科库 80排1列4层/ [索取号:O241.82/Z840] | 在馆 | |
| 3 | 1161135 | 211611353 | 自科库401/401自科库 80排1列4层/ [索取号:O241.82/Z840] | 在馆 |